| 000 | 00728nam a2200241 a 4500 | ||
|---|---|---|---|
| 005 | 20210219153440.0 | ||
| 008 | 991125n 000 0 u | ||
| 035 | _aUPN01000100502 | ||
| 100 | _aWeneck, Bette | ||
| 222 | _aHISTORY OF EDUCATION QUARTERLY | ||
| 245 | _aSocial and cultural stratification in women's higher education : Barnard College and Teachers College, 1898-1912 | ||
| 300 | _a1-26 | ||
| 362 | _a31, No. 1, 1991 | ||
| 505 | _aEnero 1992 | ||
| 653 | 0 | _aAYUDA SOCIAL | |
| 653 | 0 | _aCRITERIOS DE ADMISION | |
| 653 | 0 | _aDISCRIMINACION EDUCATIVA | |
| 653 | 0 | _aDISCRIMINACION RELIGIOSA | |
| 653 | 0 | _aFORMACION DE MAESTROS | |
| 653 | 0 | _aHISTORIA EDUCATIVA | |
| 904 |
_aAC _b038313 |
||
| 905 | _aArticulo | ||
| 999 |
_c77159 _d77159 |
||